| 000 | 00657nam a2200181 i 4500 | ||
|---|---|---|---|
| 001 | 187801 | ||
| 003 | ES-MaACL | ||
| 005 | 20251004063229.0 | ||
| 008 | 180227s1873 fr |||| | fre d | ||
| 100 | 1 |
_aPicot, Émile, _d1844-1918 _9163702 |
|
| 245 | 1 | 0 |
_aDocuments pour servir à l'étude des dialectes roumain / _crecueillis et publiés par Emile Picot. |
| 260 |
_aParis : _bMaisonneuve, _c[1873?] |
||
| 300 |
_a66 p. ; _c23 cm. |
||
| 500 | _aSeparata de: Revue de linguistique et de philologie comparée. - ; 1873, t.V, fasc.3. | ||
| 650 | 4 |
_aLengua rumana- _xDialectos. _9164330 |
|
| 852 |
_aES-MaACL _jT-185-F-1 |
||
| 999 |
_c187801 _d187801 |
||